02608cam a2200481 a 450000100060000000300080000600500170001400800410003103500390007204000330011104100130014408200300015711000200018724502870020724600430049426000590053730000170059650000220061350400200063551500300065555002890068565000420097465000500101665000460106665000420111265000400115465000560119465000390125065000360128965000390132565000300136471000570139471000200145171000770147171000710154871100460161977600720166577600660173794200120180399900170181595201480183295201460198035763BD-RjUL20211209052356.0751101s1953 fr br a 0 a0eng c a(BD-RjUL)35858a(OCoLC)ocm01753679 aMnMULScMnMULSdBD-RjULbeng0 aengafre04a320.82bUNI V-3 No.3 1953 2aUnesco.914795810aInternational political science abstracts :cInternational Political Science Association and International Studies Conference; Association internationale de science politique [et] Conférence permanente des hautes études internationales bDocumentation politique internationale /31aDocumentation politique internationale aParis :bPresses universitaires de France,c1953-1954  aV. ;c24 cm. aTitle from cover. aIncludes index.0 aVol. 1-- Vol 3- Vol 4 --  aVols. for 1951- published with the assistance of Unesco and the Co-ordinating Committee on Documention in the Social Sciences; for <1974- > published by the International Political Science Association in co-operation with the International Committee for Social Sciences Documentation. 0aPolitical sciencevAbstracts.9108929 0aWorld politicsy1945-1989vAbstracts.9108930 0aWorld politicsy1989-vAbstracts.9108931 0aInternational lawvAbstracts.910893217aPolitieke wetenschappen.2gtt94432 6aScience politiquevRésumés analytiques.910893317aPOLITICAL SCIENCE.2unbist910893417aWORLD POLITICS.2unbist910893517aINTERNATIONAL LAW.2unbist910893627aABSTRACTS.2unbist9332232 aInternational Political Science Association.91082452 aUnesco.91089372 aCo-ordinating Committee on Documentation in the Social Sciences.91089382 aInternational Committee for Social Sciences Documentation.91089392 aInternational Studies Conference.91089401 tInternational political science abstracts (CD-ROM)w(OCoLC)358618061 tInternational political science abstracts (Online)x1751-9292 2ddccBK c35763d35763 00102ddc40718NFICaRUCLbRUCLcReadingd1955-05-05eFeroz sonsg3.80l0o320.82 UNI V-3 No.3 1953r2014-06-08 00:00:00tC-1w2021-12-09yBK 00102ddc40708NFICaRUCLbRUCLcStackd1955-05-05eFeroz sonsg3.80l0o320.82 UNI V-4 No.3 1954r2016-08-18 00:00:00tC-2w2021-12-09yBK